000 01646cam a2200469 4500
001 21498
003 VRT
005 20260302144315.0
008 210209s2019 xo gr 000 f slo
015 _aSNBA2020/06
020 _a9788056904282
_q(viazané)
035 _aurn:nbn:sk:snk-am00edqq
035 _aurn:nbn:sk:snk-am3ih1j
035 _a75CB0424-B61E-44B8-8A4B-CD7841E2BBAB
039 9 _a202302151025
_bAUTHORITY
_c202106070732
_dAUTHORITY
_c202106070725
_dAUTHORITY
_c202102090837
_dVLOAD
040 _aSVKBB
_bslo
_cSVKBB
_dSNK
_erda
041 _aslo
044 _axo
_cSK
072 7 _a821.162.4-3
_xSlovenská próza
_2konspekt
080 _a821.162.4-31
_22011
080 _a(0:82-312.5)
_22011
100 1 _aJamborová, Vita,
_d1976-
_4aut
245 1 _aSrdcová dáma
_cVita Jamborová
250 _aDruhé vydanie
260 _aBratislava
_bMarenčin PT
_c2019
300 _a158 strán
_c21 cm
336 _atext
_btxt
_2rdacontent
337 _abez média
_bn
_2rdamedia
338 _azväzok
_bnc
_2rdacarrier
500 _aObsahuje biografické údaje o autorke na záložke prebalu publikácie
655 7 _aslovenské romány
_2SNKPH
655 7 _aSlovak fiction
_2SNKPHeng
655 7 _aLove novels
_2SNKPHeng
655 7 _aľúbostné romány
_2SNKPH
910 _asnk
942 _2ddc
_cKLDO
_n0
949 _617A1417998
_asnkSC 188389
_bsnk2020/6888
_o460/2020
_s6100:20200608
949 _617A1417999
_asnkSC 188389 D1
_bsnk2020/6889
_o460/2020
949 _6273K0652561
_asvkpoA 244436
_bsvkpo643123
949 _62889355288
_asavukPV 29749
_bsavuk2020/694
949 _6270001000641638
_asvkbbA 160185
_bsvkbbm 789182
999 _c21498
_d21498